000 00316nam a22001337a 4500
008 170608b xxu||||| |||| 00| 0 eng d
020 _a2900135766797
041 _aeng
080 _a94
100 _a18
101 _aSHH
245 _aTHE GILDED AGE OF, THE HAZARD OF NEW FUNCTIONS
_cSUMMERS,M.W
942 _2udc
_cBK
999 _c16367
_d16367